Regio's van Frankrijk met kaart - Statistieken

Algemene statistieken
  • Deze quiz is 753 keer genomen
  • De gemiddelde score is 9 van 13
Antwoorden op de kaart
Antwoorden kleurgecodeerd door een groen-rode schaal op de quizkaart volgens % correct hieronder.
 
Antwoordstatistieken
Antwoord % Correct
Corsica
87%
Normandie
80%
Provence-Alpes-Côte d'Azur
80%
Bretagne
78%
Île-de-France
73%
Grand Est
71%
Hauts-de-France
71%
Auvergne-Rhône-Alpes
70%
Centre-Val de Loire
68%
Bourgogne-Franche-Comté
62%
Occitanie
62%
Nouvelle Aquitaine
61%
Pays de la Loire
53%
Geen overeenkomende quizzen gevonden
Scoreverdeling
Procent van Mensen met Elke Score
Percentiel versus Aantal Correcte Antwoorden
Uw Scoregeschiedenis
U heeft deze quiz nog niet genomen